00826nam a2200253Ia 4500003000400000005001700004006001800021007000300039008004100042024001100083037001100094040001800105041001300123100002000136110008200156245012700238260000900365300001800374650001900392700002100411700003200432700002600464700008200490OSt20220930090436.0a|||||r|||| 00| 0ta220926b |||||||| |||| 00| 0 eng d a109529 cTheses aCRLcCRLbeng 2engaeng aDulgach Pratima aUniversity of Delhi. Faculty of Medical Sciences. Department of Ophthalmology 0aEvaluation of external dacryocystorhinostomy with membranectomy and silicone intubation in distal common canalicular block c2010 a73p.ap.ccm. aEYE - DISEASES a Dr. Kamlesh Gu. a Dr. Shelley K. Chaddha Gu. a Dr. Sushil Kumar Gu. aUniversity of Delhi. Faculty of Medical Sciences. Department of Ophthalmology